000 01006nam a2200289 i 4500
003 DO-SdBNP
005 20240820110209.0
007 ta
008 240820s2023 dr 000 p spa d
020 _a9789945930047
040 _aDO-SdBNP
_bspa
_cBNPHU
_erda
082 4 _aRD861.44
_bR488c
_222
100 _aRicardo, Michelle
_d1986-
_981437
_eautora
245 1 3 _aLa ciudad de os reflejos /
_cMichelle Ricardo ; edición Lauristely Peña Solano ; corrección Denisse Español
264 _aSanto Domingo :
_bAnticanon,
_c2023.
300 _a61 páginas :
_c21 cm.
336 _2rdaconten.
_atexto
_btxt
337 _2rdamedia
_asin mediación
_bn
338 _2rdacarrier
_avolumen
_bnc
500 _aIncluye datos biográficos de la autora en la solapa de la portada.
590 _aInventariado, 2024/ YL
650 0 _aPoesía dominicana
_9176
700 1 _aPeña Solano, Lauristely
_eedición
_986363
700 1 _aEspañol, Denisse
_928830
_ecorrección
910 _aYLockward
942 _2ddc
_cLBS1
999 _c57492
_d57492